000 00525nam a22001937a 4500
003 CEME
005 20210628203750.0
008 210126b xxu||||| |||| 00| 0 eng d
020 _a0-88173-397-0
040 _c.
082 _a621.31 PAN
100 _aPansini, A.J:Smalling, K.D
_967194
245 _aGuide to electric power generation
250 _a2ND
260 _aNEW YORK
_bTHE FAIRMONT PRESS
_c2002
300 _aXIV,244P
650 _aELECTRIC POWER PRODUCTION, ELECTRIC POWER PLANTS
_967195
942 _cBK
_2ddc
999 _c575030
_d575030